000 00616nam a2200241Ia 4500
003 OSt
005 20221007065354.0
006 a|||||r|||| 00| 0
007 ta
008 221006b |||||||| |||| 00| 0 eng d
024 _a12,987
037 _cTextual
040 _aFLL
_cFLL
_beng
041 _2eng
_aeng
082 _aV564:2:Z, M4
100 _aKelly J.M. Au.
_9686905
245 0 _aIrish constitution
250 _a2nd
260 _aDublin
_bJurist pub. Ireland
_c1984
300 _axxxi,741p
_ccm.
942 _hV564:2:Z, M4
_cTEXL
_2CC
999 _c1137126
_d1137126